2018–19 UEFA Europa League Knockout Stage - Statistics

General Stats
  • This quiz has been taken 24 times
  • The average score is 31 of 62
Answer Stats
Answer % Correct
Arsenal 1/2
94%
Arsenal Final
94%
Chelsea 1/2
94%
Chelsea Final
94%
Chelsea 1/16
88%
Chelsea 1/8
88%
Chelsea 1/4
88%
Arsenal 1/8
82%
Arsenal 1/4
82%
Eintracht Frankfurt 1/2
82%
Arsenal 1/16
76%
Eintracht Frankfurt 1/16
71%
Eintracht Frankfurt 1/8
71%
Eintracht Frankfurt 1/4
71%
Valencia 1/2
71%
Inter Milan 1/8
65%
Napoli 1/8
65%
Napoli 1/4
65%
Sevilla 1/8
65%
Slavia Prague 1/8
65%
Valencia 1/4
65%
Benfica 1/16
59%
Benfica 1/8
59%
Benfica 1/4
59%
Inter Milan 1/16
59%
Slavia Prague 1/4
59%
Valencia 1/8
59%
Napoli 1/16
53%
Rennes 1/8
53%
Valencia 1/16
53%
Villarreal 1/16
53%
Villarreal 1/8
53%
Villarreal 1/4
53%
Sevilla 1/16
47%
Slavia Prague 1/16
47%
Dynamo Kiev 1/8
41%
Rennes 1/16
41%
BATE Borisov 1/16
35%
Malmö 1/16
35%
Shakhtar Donetsk 1/16
35%
Betis 1/16
29%
Dynamo Kiev 1/16
29%
Galatasaray 1/16
29%
Zenit 1/16
29%
Zenit 1/8
29%
Bayer Leverkusen 1/16
24%
Dinamo Zagreb 1/16
24%
Dinamo Zagreb 1/8
24%
Fenerbahce 1/16
24%
Lazio 1/16
24%
Olympiacos 1/16
24%
RB Salzburg 1/16
24%
RB Salzburg 1/8
24%
Sporting 1/16
24%
Brugge 1/16
18%
Celtic 1/16
18%
Genk 1/16
18%
Krasnodar 1/16
18%
Krasnodar 1/8
18%
Rapid Wien 1/16
18%
Viktoria Plzen 1/16
18%
Zurich 1/16
12%
No matching quizzes found
Score Distribution
Percent of People with Each Score
Percentile by Number Answered
Your Score History
You have not taken this quiz